Organizational risk management : an integrated framework for environmental, health, safety, and sustainability professionals, and their C-suites / Charles F. Redinger, Founder, Institute for Advanced Risk Management, Harvard, MA,USA. (Record no. 22491)

000 -LEADER
fixed length control field 00689nam a22001457a 4500
020 ## - INTERNATIONAL STANDARD BOOK NUMBER
ISBN 9781119538745 (ebook)
082 ## - DEWEY DECIMAL CLASSIFICATION NUMBER
Classification number 658.15
Item number R317o 2025
100 ## - MAIN ENTRY--AUTHOR NAME
Personal name Redinger, Charles F., Author.
245 ## - TITLE STATEMENT
Title Organizational risk management : an integrated framework for environmental, health, safety, and sustainability professionals, and their C-suites / Charles F. Redinger, Founder, Institute for Advanced Risk Management, Harvard, MA,USA.
260 ## - PUBLICATION, DISTRIBUTION, ETC. (IMPRINT)
Place of publication Hoboken, New Jersey :
Name of publisher John Wiley & Sons, Inc.,
Year of publication 2025.
300 ## - PHYSICAL DESCRIPTION
Number of Pages 1 online resource, xxx, 348 pages:
Other physical details ilustrations.
500 ## - GENERAL NOTE
General note Includes index.
650 ## - SUBJECT ADDED ENTRY--TOPICAL TERM
Topical Term Risk management
-- Industrial management
-- Work environment
942 ## - ADDED ENTRY ELEMENTS (KOHA)
Koha item type Electronic Books
Holdings
Source of acquisition Permanent Location Date acquired Collection code Koha item type Lost status Shelving location Withdrawn status Current Location Full call number
DonationCagayan State University - Carig Library2026-04-16E-BooksElectronic Books E-Resource Section Cagayan State University - Carig Library658.15 R317o 2025

Cagayan State University University Library, Carig Campus
Tuguegarao City, Cagayan 3500 | www.csucarig.edu.ph

Powered by Koha